000
00315nam a22001217a 4500
020
_a
0030245931
100
_a
Daft, Richard L
245
_a
Understanding management
260
_a
USA
_b
Harcourt Brace College Publishers
300
_a
xxxix,643p
_b
ill;24.5cm
500
_a
includes bibliographical index
942
_c
BK
999
_c
20210
_d
20210